000
00181nam a2200085Ia 4500
008
240331s9999 xx 000 0 und d
082
_a
303.6
_b
UNI
245
0
_a
Frozen minds
942
_c
L
999
_c
1295
_d
1295